| 000 | 02282nam a2200409 i 4500 | ||
|---|---|---|---|
| 001 | 193382 | ||
| 003 | SpMaBN | ||
| 005 | 20250712063140.0 | ||
| 007 | ta | ||
| 008 | 221121s2021 sp | |||| 000 f spa | ||
| 017 |
_aM 26813-2021 _bOficina Depósito Legal Madrid |
||
| 020 | _a9788412178135 | ||
| 035 | _aa7191870 | ||
| 040 |
_aSpMaBN _bspa _cSpMaBN _erda |
||
| 080 | _a821.134.2-31"19" | ||
| 100 | 1 |
_aBilbao, Daniel, _d1960- _4aut _9234543 _eaut |
|
| 245 | 1 | 3 |
_aEl caballo regalado / _cDaniel Bilbao |
| 246 | _aLas crónicas de Güilliam de Canford | ||
| 264 | 1 |
_aMadrid : _bMong, _c2021 |
|
| 300 |
_a155 páginas ; _c23 cm |
||
| 336 |
_aTexto _2rdacontent |
||
| 337 |
_asin mediación _2rdamedia |
||
| 338 |
_avolumen _2rdacarrier |
||
| 490 | 0 |
_aLas crónicas de Güilliam de Canford, el arquero siniestro sindedos _v(tercera crónica-Medina de Pomar) |
|
| 500 | _aEn cub.: "Una novela negra de la Edad Media" | ||
| 500 | _aTercer libro de la saga Las crónicas de Güilliam de Canford | ||
| 520 | _aLa llegada del arquero sin dedos a Medina de Pomar en plenas fiestas patronales coincide con dos asesinatos truculentos. Mientras que su desvergonzada acompañante, María la Gatusa, acapara el protagonismo, nuestro héroe involuntario tiene que lidiar con las tiranteces entre los gremios de una villa medieval, una carrera de caballos sin amañar, un cerdo que cree poder volar, un gigante que nadie ha visto por suponerlo invisible y un artillero mercenario con extravagantes conceptos sobre las leyes físicas. Con grandes dosis de humor negro y una bien administrada brutalidad consigue resolver un misterio oculto en unas circunstancias al filo del surrealismo. | ||
| 655 | 7 |
_aNovelas históricas _2tgfbne _9226782 |
|
| 655 | 7 |
_aNovelas negras _2tgfbne _9226784 |
|
| 852 |
_aES-MaACL _bR. 154759 _cDEPOJ _jN-9538 _9200828 _hDonación: Daniel Bilbao _gDedicatoria autógrafa del autor _xEncuadernación rústica con solapas |
||
| 903 |
_9234543 _aBilbao, Daniel, _d1960- _ednr |
||
| 942 |
_n0 _cMONOGRAFIA |
||
| 999 |
_c193382 _d193382 |
||